| 000 | 00638nam a2200193 i 4500 | ||
|---|---|---|---|
| 001 | 49220 | ||
| 003 | ES-MaACL | ||
| 005 | 20250825230916.0 | ||
| 007 | t| | ||
| 008 | 030710q1881 sp ||||1| spa d | ||
| 100 | 1 |
_aCortázar y Larrubia, Daniel de. _940829 |
|
| 245 | 1 | 3 |
_aEl hundimiento de Puigcercós (Lérida) en 13 de enero de 1881 / _cDaniel de Cortázar y Larrubia. |
| 260 |
_a[Madrid : _bs.n., _cca. 1881] ( _fM. Tello) |
||
| 300 |
_a7 p. ; _c27 cm. |
||
| 650 | 4 |
_aSismología- _zPenínsula Ibérica. _9170887 |
|
| 650 | 7 |
_aDesprendimientos de tierras _2embne _9174145 |
|
| 852 | 4 |
_aES-MaACL _jT-515-F-4 |
|
| 999 |
_c49220 _d49220 |
||